000 00720nam a2200217Ii 4500
003 JO-AjNU
008 230605s9999||||xx |||||||||||||| ||und||
017 _a1975/3227
040 _aJO-AjNU
_bara
_erda
_cJO-AjNU
041 _aara
050 1 4 _aBP128.Y3.B2 1975
100 3 _aتاليف باجودة، حسن محمد,
_eauthor
_938235
245 0 0 _aتأملات في سورة يس قلب القران
250 _aط1
264 3 1 _aمكة الكرمة: دار العلوم، 1975
300 _a105ص
336 _atext
_btxt
_2rdacontent
337 _aunmediated
_bn
_2rdamedia
338 _avolume
_bnc
_2rdacarrier
650 4 _aسورة ياسين - تفسير - القران الكريم - تفسير
_938236
999 _aA16047
_c19615
_d19615